Normal view
MARC view
- France
Entry Geographic Name
001 - CONTROL NUMBER
- control field: 85482
003 - CONTROL NUMBER IDENTIFIER
- control field: KE-NaSUL
005 - DATE AND TIME OF LATEST TRANSACTION
- control field: 20250825171245.0
008 - FIXED-LENGTH DATA ELEMENTS
- fixed length control field: 250825|| aca||aabn | a|a d
040 ## - CATALOGING SOURCE
- Original cataloging agency: KE-NaSUL
- Transcribing agency: KE-NaSUL
151 ## - HEADING--GEOGRAPHIC NAME
- Geographic name: France
- General subdivision: Kings and rulers
- Form subdivision: Biography
670 ## - SOURCE DATA FOUND
- Source citation: Work cat.: (KE-NaSUL)56158: Price, Roger, 1944 Jan. 7- 85480, Napoleon III and the Second Empire, 1997.